000 00341 a2200169 4500
001 188296
020 _a85-7208-091-0
040 _cMagnum
100 _aAbramovich, Fanny
240 1 0 _aRoda mundo
_lpor
245 1 0 _aRoda mundo
300 _a115
362 0 _a1993
440 1 _aFormato
697 _aLITERATURA JUVENIL
942 _cBK
999 _c188296
_d188296